000 00555naa a2200217 i 4500
001 80038
003 ES-MaBCM
005 20241016120727.0
008 011226s2001 fra 000 0 fre d
021 _axx
035 _a(OCoLC)1365272130
040 _cES-MaBCM
041 0 _afre
043 _afra
245 0 0 _aAvocats et défense
520 _aNº monográfico
650 7 _aAbogado
_957395
651 4 _aFrancia
_9115364
773 0 _aEn:
_tRecueil Dalloz
_dParis : 2001
_w105307
_gnº hors-série, déc., p. 1-120. - Loc. S.334
942 _cAREV
999 _c80038
_d80038